[El Señor atado a la columna y la contrición de San Pedro] (Record no. 84428)

MARC details
000 -LEADER
campo de control de longitud fija 01560nkm a2200289za 4500
001 - NÚMERO DE CONTROL
campo de control 84428
003 - IDENTIFICADOR DE NÚMERO DE CONTROL
campo de control OSt
005 - FECHA Y HORA DE LA ÚLTIMA TRANSACCIÓN
campo de control 20260416123909.0
007 - CAMPO FIJO DE DESCRIPCIÓN FÍSICA--INFORMACIÓN GENERAL
campo de control de longitud fija kh bo
008 - DATOS DE LONGITUD FIJA--INFORMACIÓN GENERAL
campo de control de longitud fija 250407s1909 sp ||||| |||| 00| i|spa d
040 ## - FUENTE DE CATALOGACIÓN
Centro/agencia transcriptor M-RABA
245 0# - MENCIÓN DEL TÍTULO
Título [El Señor atado a la columna y la contrición de San Pedro]
Medio [Material gráfico]
260 ## - PUBLICACIÓN, DISTRIBUCIÓN, ETC.
Fecha de publicación, distribución, etc. [ca. 1909]
300 ## - DESCRIPCIÓN FÍSICA
Extensión 1 fotografía
Otras características físicas : fototipia
Dimensiones ; 19 x 27,5 cm
500 ## - NOTA GENERAL
Nota general Reproducción fotográfica de la obra "El Señor atado a la columna y la contrición de San Pedro", atribuido al pintor Luis de Morales "El Divino".
500 ## - NOTA GENERAL
Nota general La tabla original se conservó en la Iglesia madrileña de San Isidro hasta 1936, cuando el templo jesuita fue incendiado durante la guerra civil.
500 ## - NOTA GENERAL
Nota general La fototipia pertenece al artículo: Mélida, J. R.: “Un Morales y un Goya existentes en la Catedral de Madrid”, en B.S.E.E., T. XVII, 1909, p. 1.
500 ## - NOTA GENERAL
Nota general Fecha probable, tomada de la publicación en el BSEE.
510 ## - NOTA DE CITAS O REFERENCIAS BIBLIOGRÁFICAS
Nombre de la fuente Mélida, José Ramón: “Un Morales y un Goya existentes en la Catedral de Madrid”, en B.S.E.E., T. XVII, 1909, p. 1.
600 17 - PUNTO DE ACCESO ADICIONAL DE MATERIA--NOMBRE DE PERSONA
Nombre de persona Morales, Luis de
Fechas asociadas al nombre (1509-1586)
9 (RLIN) 1266
610 24 - PUNTO DE ACCESO ADICIONAL DE MATERIA--NOMBRE DE ENTIDAD CORPORATIVA
Nombre de entidad corporativa o nombre de jurisdicción como elemento de entrada Real Colegiata de San Isidro y Nuestra Señora del Buen Consejo (Madrid)
9 (RLIN) 65551
651 #7 - PUNTO DE ACCESO ADICIONAL DE MATERIA--NOMBRE GEOGRÁFICO
Nombre geográfico Madrid
Fuente del encabezamiento o término embne
9 (RLIN) 75182
655 #7 - TERMINO DE INDIZACIÓN--GENERO/FORMA
Datos o término principal de género/forma Fotografías de obras de arte
9 (RLIN) 75675
852 ## - LOCALIZACIÓN
Número de control de estantería Fot-545
856 ## - LOCALIZACIÓN Y ACCESO ELECTRÓNICOS
Materiales especificados Fot-545
Identificador Uniforme de Recurso <a href="https://archivoybiblioteca.realacademiabellasartessanfernando.com/cgi-bin/koha/opac-retrieve-file.pl?id=c41d3651d7c72b68c9fa55796b45a9d2">https://archivoybiblioteca.realacademiabellasartessanfernando.com/cgi-bin/koha/opac-retrieve-file.pl?id=c41d3651d7c72b68c9fa55796b45a9d2</a>
942 ## - ELEMENTOS DE ENTRADA SECUNDARIOS (KOHA)
Fuente de la clasificación o esquema de estantería Clasificación Decimal Dewey
Tipo de ítem Koha Fotografías
Suprimir en OPAC No
Holdings
Estatus retirado Estado de pérdida Fuente de la clasificación o esquema de estantería Estado de daño No para préstamo Colección Biblioteca de origen Biblioteca actual Ubicación en estantería Fecha de adquisición Total de préstamos Signatura topográfica completa Código de barras Visto por última vez Precio de reemplazo Tipo de ítem Koha
    Clasificación Decimal Dewey     Fotografía Real Academia de la Bellas Artes de San Fernando Real Academia de la Bellas Artes de San Fernando Depósito 2 08/04/2025   Fot-545 1095303 08/04/2025 08/04/2025 Fotografías

Powered by Koha